[Event "LTU-ch Rapid op"]
[Site "Panevezys"]
[Date "2020.07.04"]
[Round "3.8"]
[White "Zaksaite, Salomeja"]
[Black "Zagorskis, Darius"]
[Result "1/2-1/2"]
[WhiteElo "2160"]
[BlackElo "2384"]
[PlyCount "80"]
[EventDate "2020.07.04"]
[EventType "swiss (rapid)"]
[EventRounds "11"]
[EventCountry "LTU"]
[SourceTitle "EXT 2023"]
[Source "ChessBase"]
[SourceDate "2022.10.05"]
[SourceVersion "1"]
[SourceVersionDate "2022.10.05"]
[SourceQuality "1"]

1. e4 c5 2. Nf3 e6 3. d4 cxd4 4. Nxd4 a6 5. Nc3 Ne7 6. Bd3 Nbc6 7. Nb3 g6 8. Bg5 Bg7 9. Qd2 h6 10. Be3 d5 11. exd5 exd5 12. Bc5 b6 13. Ba3 0-0 14. 0-0 Be6 15. Rfe1 Qd7 16. Rad1 Rfd8 17. Ne2 d4 18. Nf4 Bf5 19. Bxe7 Nxe7 20. Qb4 Nc6 21. Qxb6 Bxd3 22. Nxd3 Rdc8 23. Ndc5 Qf5 24. Ne4 Qb5 25. Qc5 Nb4 26. Qxb5 axb5 27. a3 Nxc2 28. Re2 b4 29. Nec5 d3 30. Rxd3 bxa3 31. bxa3 Nxa3 32. h4 Nb5 33. h5 gxh5 34. Rg3 Nd4 35. Nxd4 Rxc5 36. Re7 Rg5 37. Nf3 Rxg3 38. fxg3 Kf8 39. Rb7 Bf6 40. Rb5 Kg7 1/2-1/2

[Event "LTU-chT"]
[Site "Lithuania"]
[Date "2018.03.24"]
[Round "3.1"]
[White "Zagorskis, Darius"]
[Black "Mista, Aleksander"]
[Result "0-1"]
[WhiteElo "2449"]
[BlackElo "2582"]
[PlyCount "108"]
[EventDate "2018.01.27"]
[EventType "team-swiss"]
[EventRounds "7"]
[EventCountry "LTU"]
[SourceTitle "EXT 2019"]
[Source "ChessBase"]
[SourceDate "2018.10.10"]
[SourceVersion "1"]
[SourceVersionDate "2018.10.10"]
[SourceQuality "1"]
[WhiteTeam "Kaunas Ezerelio"]
[BlackTeam "Kaunas Margiris"]
[WhiteTeamCountry "LTU"]
[BlackTeamCountry "LTU"]

1. d4 Nf6 2. c4 e6 3. Nc3 Bb4 4. e3 0-0 5. Nge2 d5 6. a3 Be7 7. cxd5 exd5 8. g3 a5 9. Bg2 Na6 10. 0-0 Qe8 11. f3 c5 12. Qc2 Nc7 13. Rd1 b6 14. Bd2 Ba6 15. Be1 Ne6 16. Bf2 Rc8 17. Rd2 b5 18. dxc5 Bxc5 19. b4 axb4 20. axb4 Bxb4 21. Qb3 Rc4 22. Rdd1 Nc7 23. e4 Qe7 24. exd5 Bc5 25. Nd4 b4 26. Ne4 Nxe4 27. fxe4 Qe5 28. Nc6 Bxf2+ 29. Kxf2 Qd6 30. Kg1 Bb5 31. Kh1 Rc3 32. Qb2 Bxc6 33. dxc6 Qc5 34. Rab1 b3 35. e5 h5 36. Rd7 Ne6 37. Bd5 Rc2 38. Qxb3 Qf2 39. Qxc2 Qxc2 40. Rf1 Qe2 41. Rfxf7 Qd1+ 42. Kg2 Qxd5+ 43. Rxd5 Kxf7 44. Kf3 Rc8 45. Rd7+ Kg6 46. Ke4 Rxc6 47. Kd5 Ra6 48. Rd6 Rxd6+ 49. exd6 Kf5 50. d7 Nd8 51. Kd6 Kf6 52. h3 Nf7+ 53. Kd5 Ke7 54. Ke4 g6 0-1

[Event "EU-Cup 33rd"]
[Site "Antalya"]
[Date "2017.10.14"]
[Round "7.2"]
[White "Lagarde, Maxime"]
[Black "Zagorskis, Darius"]
[Result "1-0"]
[WhiteElo "2594"]
[BlackElo "2443"]
[PlyCount "67"]
[EventDate "2017.10.08"]
[EventType "team-swiss"]
[EventRounds "7"]
[EventCountry "TUR"]
[SourceTitle "CBM 181"]
[Source "ChessBase"]
[SourceDate "2017.11.10"]
[SourceVersion "1"]
[SourceVersionDate "2017.11.10"]
[SourceQuality "1"]
[WhiteTeam "Nice Alekhine"]
[BlackTeam "Makabi LSK"]
[WhiteTeamCountry "FRA"]
[BlackTeamCountry "LTU"]

1. c4 Nf6 2. Nc3 d5 3. cxd5 Nxd5 4. Nf3 g6 5. g3 Bg7 6. Bg2 0-0 7. h4 Nxc3 8. bxc3 h6 9. Rb1 c5 10. Qa4 Qc7 11. Qa3 Bf5 12. d3 Nd7 13. c4 b6 14. Bb2 Rad8 15. Bxg7 Kxg7 16. Qc3+ f6 17. 0-0 Nb8 18. Rfe1 Nc6 19. Rbd1 Bg4 20. Nh2 Bc8 21. e3 Bb7 22. f4 Rd6 23. d4 cxd4 24. exd4 Rfd8 25. d5 Na5 26. Rc1 Kf7 27. h5 gxh5 28. Qf3 Bc8 29. Qxh5+ Kg7 30. f5 Rh8 31. Nf3 Nb7 32. Re4 Nd8 33. Rce1 Rd7 34. Qg6+ 1-0

[Event "Baltic zt"]
[Site "Vilnius"]
[Date "2017.03.27"]
[Round "9"]
[White "Seeman, Tarvo"]
[Black "Zagorskis, Darius"]
[Result "1-0"]
[WhiteElo "2411"]
[BlackElo "2466"]
[PlyCount "73"]
[EventDate "2017.03.21"]
[EventType "swiss"]
[EventRounds "9"]
[EventCountry "LTU"]
[SourceTitle "CBM 177 Extra"]
[Source "ChessBase"]
[SourceDate "2017.04.27"]
[SourceVersion "1"]
[SourceVersionDate "2017.04.27"]
[SourceQuality "1"]

1. Nf3 Nf6 2. b3 g6 3. Bb2 Bg7 4. g3 0-0 5. Bg2 d5 6. c4 e6 7. 0-0 b6 8. Nc3 Bb7 9. e3 c5 10. cxd5 Nxd5 11. d4 Nd7 12. Nxd5 Bxd5 13. Qe2 Rc8 14. Rac1 Rc7 15. dxc5 Bxb2 16. Qxb2 Rxc5 17. Rxc5 Nxc5 18. b4 Nd7 19. Rd1 Qf6 20. Qe2 Rc8 21. e4 Bc4 22. Qd2 Bb5 23. h4 Qc3 24. Qd6 Nf6 25. e5 Ne4 26. Qe7 Qc2 27. Rd8+ Rxd8 28. Qxd8+ Kg7 29. Qd4 Nc3 30. Kh2 Nxa2 31. Ng5 h6 32. Ne4 Bc6 33. Nf6 Qc3 34. Qxc3 Nxc3 35. Bxc6 a5 36. bxa5 bxa5 37. Ne4 1-0

[Event "Baltic zt"]
[Site "Vilnius"]
[Date "2017.03.22"]
[Round "2"]
[White "Klabis, Rokas"]
[Black "Zagorskis, Darius"]
[Result "1-0"]
[WhiteElo "2252"]
[BlackElo "2466"]
[PlyCount "79"]
[EventDate "2017.03.21"]
[EventType "swiss"]
[EventRounds "9"]
[EventCountry "LTU"]
[SourceTitle "CBM 177 Extra"]
[Source "ChessBase"]
[SourceDate "2017.04.27"]
[SourceVersion "1"]
[SourceVersionDate "2017.04.27"]
[SourceQuality "1"]

1. e4 c5 2. Nc3 e6 3. d4 cxd4 4. Qxd4 Nc6 5. Qd3 Nf6 6. Nf3 Qc7 7. Be3 a6 8. 0-0-0 b5 9. Kb1 Bb7 10. Bg5 Bc5 11. Bh4 d6 12. Qd2 0-0-0 13. Bd3 h6 14. a4 b4 15. Ne2 g5 16. Bg3 Qa5 17. Nc1 Qxa4 18. Nb3 Bb6 19. Qe2 Nh5 20. Bc4 Nxg3 21. hxg3 Kb8 22. g4 Na5 23. Nfd2 Nxc4 24. Nxc4 Bc7 25. f3 d5 26. exd5 Rxd5 27. Rxd5 Bxd5 28. Ne5 f6 29. Nd3 Qb5 30. Nbc5 Bb6 31. Ne4 Rc8 32. Nd6 Qa4 33. Nxc8 Kxc8 34. Nc1 Bd4 35. Qd3 Be5 36. Rxh6 Qc6 37. Rh7 Bc7 38. Qd4 Bd8 39. Nd3 a5 40. Qc5 1-0

[Event "Baltic zt"]
[Site "Vilnius"]
[Date "2017.03.21"]
[Round "1"]
[White "Zagorskis, Darius"]
[Black "Sirosh, Ilja"]
[Result "1/2-1/2"]
[WhiteElo "2466"]
[BlackElo "2283"]
[PlyCount "69"]
[EventDate "2017.03.21"]
[EventType "swiss"]
[EventRounds "9"]
[EventCountry "LTU"]
[SourceTitle "CBM 177 Extra"]
[Source "ChessBase"]
[SourceDate "2017.04.27"]
[SourceVersion "1"]
[SourceVersionDate "2017.04.27"]
[SourceQuality "1"]

1. d4 d5 2. c4 c6 3. Nc3 Nf6 4. e3 a6 5. Qc2 g6 6. Bd3 Bg7 7. Nf3 0-0 8. 0-0 Bg4 9. Ne5 Be6 10. b3 c5 11. Ne2 dxc4 12. bxc4 Nc6 13. Nxc6 bxc6 14. Ba3 cxd4 15. Nxd4 Bd7 16. Rab1 Re8 17. Nb3 Rb8 18. Nc5 Qa5 19. Qa4 Qxa4 20. Nxa4 Bf8 21. Rb3 Bf5 22. Bxf5 gxf5 23. f3 Rxb3 24. axb3 Rb8 25. Rb1 Nd7 26. Kf2 e6 27. Bxf8 Kxf8 28. Ke2 Ke7 29. Kd3 c5 30. Kc3 Kd6 31. Nb2 Rg8 32. Rd1+ Kc6 33. Rd2 Ne5 34. Rf2 h5 35. Nd3 1/2-1/2

[Event "LTU-chT"]
[Site "Lithuania"]
[Date "2017.02.19"]
[Round "5.2"]
[White "Starostits, Ilmars"]
[Black "Zagorskis, Darius"]
[Result "1/2-1/2"]
[WhiteElo "2418"]
[BlackElo "2466"]
[PlyCount "36"]
[EventDate "2017.01.28"]
[EventType "team-swiss"]
[EventRounds "7"]
[EventCountry "LTU"]
[SourceTitle "CBM 176 Extra"]
[Source "ChessBase"]
[SourceDate "2017.03.02"]
[SourceVersion "1"]
[SourceVersionDate "2017.03.02"]
[SourceQuality "1"]
[WhiteTeam "Kaunas Margiris"]
[BlackTeam "Makabi LSK"]
[WhiteTeamCountry "LTU"]
[BlackTeamCountry "LTU"]

1. d4 Nf6 2. Nf3 g6 3. Nc3 Bg7 4. e4 d6 5. Be3 a6 6. Qd2 b5 7. Bh6 0-0 8. Bd3 c5 9. dxc5 dxc5 10. e5 Ng4 11. Bxg7 Kxg7 12. h3 Nh6 13. a4 Bb7 14. Qf4 Nd7 15. axb5 axb5 16. Rxa8 Qxa8 17. Bxb5 Qa1+ 18. Nd1 Qa5+ 1/2-1/2

[Event "LTU-chT"]
[Site "Lithuania"]
[Date "2017.01.28"]
[Round "1.2"]
[White "Slusnys, Evaldas"]
[Black "Zagorskis, Darius"]
[Result "0-1"]
[WhiteElo "1916"]
[BlackElo "2466"]
[PlyCount "82"]
[EventDate "2017.01.28"]
[EventType "team-swiss"]
[EventRounds "7"]
[EventCountry "LTU"]
[SourceTitle "CBM 176 Extra"]
[Source "ChessBase"]
[SourceDate "2017.03.02"]
[SourceVersion "1"]
[SourceVersionDate "2017.03.02"]
[SourceQuality "1"]
[WhiteTeam "LASF"]
[BlackTeam "Makabi LSK"]
[WhiteTeamCountry "LTU"]
[BlackTeamCountry "LTU"]

1. d3 d5 2. g3 e5 3. Nf3 Bd6 4. Bg2 Nf6 5. e4 dxe4 6. dxe4 0-0 7. Qe2 b6 8. 0-0 Ba6 9. c4 Nc6 10. Rd1 Nd7 11. Nc3 Nc5 12. b4 Nxb4 13. Nxe5 Qf6 14. f4 Bxe5 15. fxe5 Qxe5 16. Bb2 Qe6 17. Nd5 Nxd5 18. Rxd5 Rad8 19. Qd2 Qe7 20. Bd4 Rxd5 21. cxd5 Nxe4 22. Qe3 Re8 23. Re1 f5 24. g4 Qh4 25. gxf5 Nd6 26. Be5 Nxf5 27. Qf2 Qxf2+ 28. Kxf2 Re7 29. Bf4 Rxe1 30. Kxe1 Nd6 31. Kd2 Kf7 32. Bg5 Ke8 33. Ke3 h6 34. Bf4 g5 35. Bg3 Nf5+ 36. Ke4 Nxg3+ 37. hxg3 Ke7 38. Ke5 Bd3 39. a3 a5 40. Bf3 Bg6 41. Be2 h5 0-1

[Event "EU-ch blitz"]
[Site "Tallinn"]
[Date "2016.12.18"]
[Round "23"]
[White "Zagorskis, Darius"]
[Black "Grigoriants, Sergey"]
[Result "1/2-1/2"]
[WhiteElo "2469"]
[BlackElo "2563"]
[PlyCount "64"]
[EventDate "2016.12.17"]
[EventType "swiss (blitz)"]
[EventRounds "26"]
[EventCountry "EST"]
[SourceTitle "CBM 176 Extra"]
[Source "ChessBase"]
[SourceDate "2017.03.02"]
[SourceVersion "1"]
[SourceVersionDate "2017.03.02"]
[SourceQuality "1"]

1. Nf3 d5 2. g3 g6 3. Bg2 Bg7 4. 0-0 c5 5. d4 cxd4 6. Nxd4 Nf6 7. Nb3 0-0 8. Nc3 e6 9. e4 dxe4 10. Nxe4 Nxe4 11. Bxe4 Qc7 12. c3 Nd7 13. Be3 Nf6 14. Bg2 Rd8 15. Qe2 Nd5 16. Rfd1 a5 17. Bd4 e5 18. Bxe5 Qxe5 19. Qxe5 Bxe5 20. Bxd5 a4 21. Nc5 Ra5 22. Bxb7 Rxd1+ 23. Rxd1 Bxb7 24. Nxb7 Rb5 25. Nd6 Bxd6 26. Rxd6 Rxb2 27. Ra6 Rxa2 28. c4 Kf8 29. Ra7 a3 30. c5 Ke8 31. c6 Rc2 32. Rxa3 Rxc6 1/2-1/2

[Event "EU-ch blitz"]
[Site "Tallinn"]
[Date "2016.12.17"]
[Round "18"]
[White "Zagorskis, Darius"]
[Black "Kovalenko, Igor"]
[Result "0-1"]
[WhiteElo "2469"]
[BlackElo "2684"]
[PlyCount "48"]
[EventDate "2016.12.17"]
[EventType "swiss (blitz)"]
[EventRounds "26"]
[EventCountry "EST"]
[SourceTitle "CBM 176 Extra"]
[Source "ChessBase"]
[SourceDate "2017.03.02"]
[SourceVersion "1"]
[SourceVersionDate "2017.03.02"]
[SourceQuality "1"]

1. Nf3 Nf6 2. g3 g6 3. Bg2 c5 4. c4 Nc6 5. d4 Bg7 6. 0-0 0-0 7. Nc3 d6 8. d5 Na5 9. Qd3 a6 10. Bd2 Rb8 11. b3 b5 12. e4 bxc4 13. bxc4 Bg4 14. Ne1 Nd7 15. f4 Nb6 16. f5 Nbxc4 17. h3 Nxd2 18. Qxd2 Nc4 19. Qd3 Qa5 20. Rc1 Nb2 21. Qc2 Bxc3 22. Qxc3 Qxc3 23. Rxc3 Be2 24. Rf2 Nd1 0-1

[Event "EU-ch rapid"]
[Site "Tallinn"]
[Date "2016.12.15"]
[Round "6"]
[White "Zagorskis, Darius"]
[Black "Riazantsev, Alexander"]
[Result "0-1"]
[WhiteElo "2469"]
[BlackElo "2671"]
[PlyCount "52"]
[EventDate "2016.12.15"]
[EventType "swiss (rapid)"]
[EventRounds "11"]
[EventCountry "EST"]
[SourceTitle "CBM 176 Extra"]
[Source "ChessBase"]
[SourceDate "2017.03.02"]
[SourceVersion "1"]
[SourceVersionDate "2017.03.02"]
[SourceQuality "1"]

1. Nf3 d5 2. g3 Nd7 3. Bg2 e5 4. d3 c6 5. 0-0 Ngf6 6. e4 Bd6 7. Nh4 0-0 8. Nf5 Bc7 9. Qf3 Nc5 10. Nc3 dxe4 11. dxe4 Ne6 12. Ne2 Bb6 13. b3 Re8 14. h4 g6 15. Nh6+ Kg7 16. Bg5 Qe7 17. Bxf6+ Qxf6 18. Qxf6+ Kxf6 19. Ng4+ Kg7 20. Rad1 Nf4 21. Bf3 h5 22. Nh2 Nxe2+ 23. Bxe2 Bh3 24. Rfe1 Ba5 25. Bf1 Bxe1 26. Bxh3 Bb4 0-1

[Event "LTU-chT"]
[Site "Lithuania"]
[Date "2014.01.26"]
[Round "2.1"]
[White "Malisauskas, Vidmantas"]
[Black "Zagorskis, Darius"]
[Result "1/2-1/2"]
[WhiteElo "2431"]
[BlackElo "2484"]
[PlyCount "62"]
[EventDate "2014.01.25"]
[EventType "team-swiss"]
[EventRounds "7"]
[EventCountry "LTU"]
[SourceTitle "CBM 158 Extra"]
[Source "ChessBase"]
[SourceDate "2014.02.28"]
[SourceVersion "1"]
[SourceVersionDate "2014.02.28"]
[SourceQuality "1"]
[WhiteTeam "Kaunas AG"]
[BlackTeam "Kaunas Milsa"]
[WhiteTeamCountry "LTU"]
[BlackTeamCountry "LTU"]

1. d4 Nf6 2. c4 e6 3. Nf3 d5 4. Nc3 Be7 5. Bg5 0-0 6. e3 h6 7. Bh4 b6 8. Rb1 Nbd7 9. cxd5 exd5 10. Be2 Bb7 11. b4 a5 12. a3 axb4 13. axb4 Ne4 14. Bxe7 Qxe7 15. Qb3 c5 16. dxc5 bxc5 17. Nxe4 dxe4 18. Nd2 cxb4 19. Qxb4 Qxb4 20. Rxb4 Ra1+ 21. Nb1 Rb8 22. 0-0 Ba6 23. Rxb8+ Nxb8 24. Nc3 Rxf1+ 25. Kxf1 Bxe2+ 26. Nxe2 g6 27. Ke1 Nd7 28. Kd2 Ne5 29. h3 Nd3 30. f3 exf3 31. gxf3 Nc5 1/2-1/2

[Event "EU-chT (Men) 19th"]
[Site "Warsaw"]
[Date "2013.11.14"]
[Round "6.13"]
[White "Naiditsch, Arkadij"]
[Black "Zagorskis, Darius"]
[Result "1-0"]
[WhiteElo "2727"]
[BlackElo "2480"]
[PlyCount "115"]
[EventDate "2013.11.08"]
[EventType "team-swiss"]
[EventRounds "9"]
[EventCountry "POL"]
[SourceTitle "CBM 158"]
[Source "ChessBase"]
[SourceDate "2014.01.16"]
[SourceVersion "1"]
[SourceVersionDate "2014.01.16"]
[SourceQuality "1"]
[WhiteTeam "Germany"]
[BlackTeam "Lithuania"]
[WhiteTeamCountry "GER"]
[BlackTeamCountry "LTU"]

1. e4 d6 2. d4 Nf6 3. f3 e5 4. d5 Be7 5. c4 c5 6. Nc3 Na6 7. a3 Nc7 8. Bd3 0-0 9. Nge2 Nh5 10. Be3 Bg5 11. Bf2 Nf4 12. Nxf4 Bxf4 13. b4 b6 14. h4 Bh6 15. Qc2 Bd7 16. Rb1 f6 17. Ke2 Qe7 18. Nd1 Rfc8 19. Nc3 g6 20. h5 g5 21. Be3 Kh8 22. Kf2 Qf7 23. g3 Bf8 24. h6 Be7 25. f4 Rg8 26. f5 Rgc8 27. Qe2 Qe8 28. Rb2 Kg8 29. Kg2 Bf8 30. Nd1 Be7 31. Nf2 Kh8 32. Qd2 Qg8 33. Be2 Ne8 34. Ng4 Bd8 35. Rbb1 Rc7 36. Rhc1 Qf8 37. Qb2 Rac8 38. Qb3 Ra8 39. Rd1 Qe7 40. Rd2 Qf8 41. Qb2 Kg8 42. Rbd1 Qf7 43. bxc5 bxc5 44. Rb1 Rcc8 45. Qb3 Qe7 46. Rdb2 Bc7 47. Nf2 Qd8 48. Bh5 Rcb8 49. Qc2 Rxb2 50. Rxb2 Rb8 51. Ng4 Rb6 52. Qc1 Kf8 53. Rf2 Rb7 54. Bxg5 fxg5 55. f6 Bxg4 56. Bxg4 Ba5 57. Qxg5 Rf7 58. Be6 1-0

[Event "EU-chT (Men) 19th"]
[Site "Warsaw"]
[Date "2013.11.10"]
[Round "3.19"]
[White "Zagorskis, Darius"]
[Black "Pancevski, Filip"]
[Result "1-0"]
[WhiteElo "2480"]
[BlackElo "2478"]
[PlyCount "107"]
[EventDate "2013.11.08"]
[EventType "team-swiss"]
[EventRounds "9"]
[EventCountry "POL"]
[SourceTitle "CBM 158"]
[Source "ChessBase"]
[SourceDate "2014.01.16"]
[SourceVersion "1"]
[SourceVersionDate "2014.01.16"]
[SourceQuality "1"]
[WhiteTeam "Lithuania"]
[BlackTeam "Macedonia"]
[WhiteTeamCountry "LTU"]
[BlackTeamCountry "MKD"]

1. g3 g6 2. Bg2 Bg7 3. d4 Nf6 4. e4 0-0 5. Nc3 d6 6. Nge2 c6 7. 0-0 e5 8. a4 a5 9. h3 Na6 10. Be3 Nb4 11. Qd2 Be6 12. Rad1 Bc4 13. b3 Ba6 14. Rfe1 Qc7 15. Nc1 Rfe8 16. Nb1 exd4 17. Bxd4 c5 18. Bxf6 Bxf6 19. c3 Nc6 20. Qxd6 Qxd6 21. Rxd6 Be7 22. Rd5 c4 23. Nd2 cxb3 24. Ncxb3 Bf6 25. Rc1 Ne7 26. Rxa5 b6 27. e5 Bg7 28. Bxa8 Rxa8 29. Rxa6 Rxa6 30. Nc4 Nd5 31. a5 bxa5 32. Nbxa5 f6 33. Rd1 Nxc3 34. Rd8+ Bf8 35. Nb3 Rc6 36. Nba5 Ra6 37. exf6 Rxf6 38. Ne5 Kg7 39. Nac4 Ne4 40. Ng4 Re6 41. Kg2 Bc5 42. f3 Nc3 43. Nge5 Re7 44. f4 Ne4 45. Kf3 Nf6 46. Nd3 Ba7 47. Nce5 Rc7 48. g4 h6 49. g5 hxg5 50. fxg5 Nh7 51. h4 Nf8 52. Nf4 Rc3+ 53. Kg4 Re3 54. Nfxg6 1-0

[Event "LTU-ch"]
[Site "Vilnius"]
[Date "2013.04.28"]
[Round "11"]
[White "Vedrickas, Tautvydas"]
[Black "Zagorskis, Darius"]
[Result "0-1"]
[WhiteElo "2279"]
[BlackElo "2482"]
[PlyCount "116"]
[EventDate "2013.04.20"]
[EventType "tourn"]
[EventRounds "11"]
[EventCountry "LTU"]
[EventCategory "4"]
[SourceTitle "CBM 154 Extra"]
[Source "ChessBase"]
[SourceDate "2013.06.25"]
[SourceVersion "2"]
[SourceVersionDate "2013.06.25"]
[SourceQuality "1"]

1. d4 Nf6 2. c4 e6 3. Nc3 Bb4 4. Qc2 d5 5. cxd5 Qxd5 6. Nf3 Qf5 7. Qxf5 exf5 8. Bd2 c6 9. e3 Nbd7 10. Na4 Bd6 11. Bd3 Ne4 12. Rc1 Ndf6 13. 0-0 Be6 14. b3 b5 15. Nb2 Nxd2 16. Nxd2 Rc8 17. e4 fxe4 18. Nxe4 Ke7 19. Rfe1 Ba3 20. Rc2 Nxe4 21. Bxe4 Rhd8 22. f4 Kf6 23. f5 Bd7 24. Nd3 Be8 25. Rf2 Rxd4 26. g4 Bd6 27. Kg2 h5 28. h3 c5 29. Rc2 c4 30. Nf2 Bb4 31. Ree2 g6 32. fxg6 fxg6 33. Bb7 Rb8 34. Ne4+ Kg7 35. Ng5 Bd7 36. Nf3 Rf4 37. Kg3 Rff8 38. Bd5 hxg4 39. hxg4 cxb3 40. axb3 Bd6+ 41. Kg2 Bxg4 42. Ra2 Bc5 43. b4 Rbd8 44. Bc6 Bxf3+ 45. Bxf3 Bb6 46. Re7+ Kh6 47. Re6 Rd4 48. Rc2 Rf5 49. Be4 Rg5+ 50. Kf3 Rxb4 51. Rh2+ Kg7 52. Re7+ Kf6 53. Rhh7 Rb3+ 54. Ke2 Re3+ 55. Kd2 Rg2+ 56. Kd1 Rg4 57. Rhf7+ Kg5 58. Re5+ Kh4 0-1

[Event "LTU-ch"]
[Site "Vilnius"]
[Date "2013.04.20"]
[Round "8"]
[White "Zagorskis, Darius"]
[Black "Beinoras, Mindaugas"]
[Result "1/2-1/2"]
[WhiteElo "2482"]
[BlackElo "2359"]
[PlyCount "33"]
[EventDate "2013.04.20"]
[EventType "tourn"]
[EventRounds "11"]
[EventCountry "LTU"]
[EventCategory "4"]
[SourceTitle "CBM 154 Extra"]
[Source "ChessBase"]
[SourceDate "2013.06.25"]
[SourceVersion "2"]
[SourceVersionDate "2013.06.25"]
[SourceQuality "1"]

1. c4 c6 2. e4 d5 3. exd5 cxd5 4. d4 Nf6 5. Nc3 e6 6. Nf3 Bb4 7. Bd3 dxc4 8. Bxc4 0-0 9. 0-0 b6 10. Bg5 Bb7 11. Qe2 Bxc3 12. bxc3 Nbd7 13. Rac1 Qc7 14. Nd2 Rfe8 15. Rfe1 a6 16. Bb3 Rac8 17. f3 1/2-1/2